000 00582nam a2200241 a 4500
001 nice12345678
003 IN_TiNIC
005 20260116013849.0
008 050524s1999 leia grp 000 0 eng
020 _a9004193
_c100
082 0 0 _a340.59
_bGER1
100 _aGerber, Haim
245 _aIslamic Law and Culture 1600-1840
260 _aLeiden
_bBrill
_c1999
300 _a156
500 _aincludes index and biblioraphy
505 2 _aIndex
650 _aIslamic-Law History
700 1 _aGerber, Haim
902 _bSRS
942 _cBK
999 _c12844
_d12844